Arizona metal production, (Record no. 27305)

MARC details
000 -LEADER
fixed length control field 01158cam a22003011 4500
001 - CONTROL NUMBER
control field gs 36000322
003 - CONTROL NUMBER IDENTIFIER
control field DLC
005 - DATE AND TIME OF LATEST TRANSACTION
control field 20260227111341.0
008 - FIXED-LENGTH DATA ELEMENTS--GENERAL INFORMATION
fixed length control field 760218s1936 azud s001 0 engx
010 ## - LIBRARY OF CONGRESS CONTROL NUMBER
LC control number gs 36000322
035 ## - SYSTEM CONTROL NUMBER
System control number (OCoLC)2000722
040 ## - CATALOGING SOURCE
Original cataloging agency DLC
Transcribing agency AzFU
Modifying agency N
-- OCoLC
-- DLC
042 ## - AUTHENTICATION CODE
Authentication code premarc
050 00 - LIBRARY OF CONGRESS CALL NUMBER
Classification number TN24.A6
Item number E4
086 0# - GOVERNMENT DOCUMENT CLASSIFICATION NUMBER
Classification number MN 1.3:B 85/140
Number source azdocs
110 1# - MAIN ENTRY--CORPORATE NAME
Corporate name or jurisdiction name as entry element Elsing, Morris J
245 10 - TITLE STATEMENT
Title Arizona metal production,
Statement of responsibility, etc. by Morris J. Elsing and Robert E. S. Heineman.
260 ## - PUBLICATION, DISTRIBUTION, ETC.
Place of publication, distribution, etc. Tucson, Ariz.,
Name of publisher, distributor, etc. University of Arizona
Date of publication, distribution, etc. [1936]
300 ## - PHYSICAL DESCRIPTION
Extent 112 p.
Other physical details tables.
Dimensions 24 cm.
410 20 - SERIES STATEMENT/ADDED ENTRY--CORPORATE NAME [OBSOLETE, CAN/MARC], [LOCAL, USA]
Corporate name or jurisdiction name as entry element University of Arizona.
Subordinate unit State Bureau of Mines.
Title of a work Bulletin
Volume number/sequential designation no. 140
490 1# - SERIES STATEMENT
Series statement Economic series,
Volume/sequential designation no. 19
500 ## - GENERAL NOTE
General note University of Arizona bulletin, vol. VII, no. 2, February 15, 1936.
650 #0 - SUBJECT ADDED ENTRY--TOPICAL TERM
Topical term or geographic name entry element Mines and mineral resources
Geographic subdivision Arizona
700 1# - ADDED ENTRY--PERSONAL NAME
Personal name Heineman, Robert Emil,
Dates associated with a name 1901-
Relator term joint author.
830 #0 - SERIES ADDED ENTRY--UNIFORM TITLE
Uniform title Bulletin (University of Arizona) ;
Volume/sequential designation v. 7, no. 2.
810 2# - SERIES ADDED ENTRY--CORPORATE NAME
Corporate name or jurisdiction name as entry element University of Arizona.
Subordinate unit State Bureau of Mines.
Title of a work Bulletin ;
Volume/sequential designation no. 140.
810 2# - SERIES ADDED ENTRY--CORPORATE NAME
Corporate name or jurisdiction name as entry element University of Arizona.
Subordinate unit State Bureau of Mines.
Title of a work Economic series ;
Volume/sequential designation no. 19.

No items available.

Powered by Koha